Größte Flughäfen - 2025 - Statistiken

Allgemein
  • Dieses Quiz wurde 76 mal gespielt
  • Das Durchschnittsergebnis liegt bei 30 aus 45
Antwortstatistiken
Passagiere/mio Flughafen % Korrekt
75.0 Los Angeles
100%
59.4 Frankfurt
98%
67.4 Paris Charles de Gaulle
98%
79.2 London Heathrow
96%
55.3 New York JFK
96%
78.7 Tokyo Haneda
95%
35.8 Tokyo Narita
95%
60.2 Madrid Barajas
93%
92.3 Dubai International
87%
76.0 Istanbul Airport
87%
44.4 Sydney Kingsford Smith
87%
71.6 Shanghai Pudong
85%
47.0 Rome Fiumicino
84%
61.9 Amsterdam Schiphol
82%
104.7 Hartsfield–Jackson Atlanta
78%
49.9 Barcelona El Prat
76%
41.6 München
76%
56.0 Bangkok Suvarnabhumi
75%
44.8 Toronto Pearson
75%
73.9 Chicago O’Hare
73%
56.7 Seoul Incheon
73%
52.3 Miami
71%
48.7 San Francisco
71%
81.8 Dallas/Fort Worth
67%
54.8 Jakarta Soekarno-Hatta
64%
58.9 Singapore Changi
64%
72.2 Delhi Indira Gandhi
62%
36.8 Melbourne
60%
42.5 Boston Loga
58%
40.5 Hong Kong
58%
46.5 Mumbai
58%
31.7 Wien
56%
77.8 Denver International
55%
46.0 Doha Hamad
51%
33.6 Lissabon
49%
52.7 Las Vegas
42%
50.8 Seattle-Tacoma
40%
47.2 Kuala Lumpur
36%
28.9 Zürich
36%
30.0 Kopenhagen
33%
70.0 Guangzhou Baiyun
29%
52.0 Shenzhen Bao’an
29%
48.9 Phoenix Sky Harbor
27%
57.7 Orlando
25%
37.6 Minneapolis–St. Paul
11%
Keine übereinstimmenden Quizze gefunden
Verteilung der Resultate
Anzahl Personen mit jedem Resultat
Perzentil nach korrekt beantworteten Fragen
Ihre Resultats-Entwicklung
Sie haben dieses Quiz noch nicht gespielt